|
|
|
|
| LEADER |
00000nam a2200000 a 4500 |
| 001 |
vtls008158713 |
| 003 |
SK-MaSNL |
| 005 |
20260301074543.0 |
| 008 |
240123s2005 xo ob g ri 001 0dslo |
| 015 |
|
|
|a SNBA2006/07-03873
|
| 020 |
|
|
|a 8071144983
|q (brož.)
|
| 035 |
|
|
|a urn:nbn:sk:snk-am00a0zi
|
| 035 |
|
|
|a urn:nbn:sk:snk-am3hco2
|
| 035 |
|
|
|a 2DC9AA13-9139-45AC-A29A-C2ED6D98E1AE
|
| 040 |
|
|
|a SNK
|b slo
|c SNK
|e AACR2
|
| 041 |
0 |
|
|a slo
|
| 043 |
|
|
|a e-xo---
|
| 044 |
|
|
|a xo
|c SK
|
| 072 |
|
7 |
|a 27
|x Kresťanstvo. Kresťanská cirkev všeobecne. Ekleziológia
|2 konspekt
|
| 080 |
|
|
|a 27-72-77
|2 MDT-MRF
|
| 080 |
|
|
|a (437.61)
|2 MDT-MRF
|
| 080 |
|
|
|a (036)
|2 MDT-MRF
|
| 080 |
|
|
|a 005.95/.96
|2 2001
|
| 245 |
0 |
0 |
|a Schematizmus Bratislavsko-trnavskej arcidiecézy 2005
|c [zostavila redakčná rada pri Arcibiskupskom úrade v Trnave]
|
| 250 |
|
|
|a [1. vyd.]
|
| 260 |
|
|
|a Bratislava
|b Lúč
|c 2005
|
| 300 |
|
|
|a 548 s.
|b fotogr., mp.
|c 21 cm
|
| 500 |
|
|
|a Obsahuje register farností, filiálok a osád
|
| 521 |
|
|
|a Vydané pre Bratislavsko-trnavskú arcidiecézu
|
| 610 |
2 |
7 |
|a Rímskokatolícka cirkev.
|b Bratislavsko-trnavská arcidiecéza
|2 SNKPH
|9 115543
|
| 650 |
0 |
7 |
|a organizácia a štruktúra cirkvi
|z Slovensko
|2 SNKPH
|9 397343
|
| 655 |
|
7 |
|a informačné publikácie
|2 SNKPH
|9 70181
|
| 710 |
2 |
|
|a Rímskokatolícka cirkev.
|b Bratislavsko-trnavská arcidiecéza
|4 vyd
|9 115543
|
| 919 |
|
|
|a 80-7114-498-3
|
| 958 |
|
|
|a OND
|
| 999 |
|
|
|c 647495
|d 649425
|
| 952 |
|
|
|a SNK
|b SNK
|y PREZ
|7 0
|p 17A0472339
|o snkSC 120394
|i snk2005/9760
|8 0
|0 0
|1 0
|4 0
|d 2005-06-07
|f 1
|l 0
|r 2025-05-29 00:00:00
|w 2026-02-23
|
| 952 |
|
|
|a SNK
|b SNK
|y VYP
|7 0
|p 17A0472340
|o snkSC 120394 D1
|i snk2005/9761
|8 0
|0 0
|1 0
|4 0
|d 2005-06-07
|l 0
|r 2026-02-23 18:12:12
|w 2026-02-23
|